[Event "IND-ch Challengers (Women) 43rd"]
[Site "Chennai"]
[Date "2016.06.17"]
[Round "1"]
[White "Swati, Ghate"]
[Black "Krithigga, K."]
[Result "1-0"]
[WhiteElo "2281"]
[BlackElo "1621"]
[PlyCount "79"]
[EventDate "2016.06.17"]
[EventType "swiss"]
[EventRounds "11"]
[EventCountry "IND"]
[SourceTitle "CBM 173 Extra"]
[Source "ChessBase"]
[SourceDate "2016.08.29"]
[SourceVersion "1"]
[SourceVersionDate "2016.08.29"]
[SourceQuality "1"]

1. e4 c6 2. d4 d5 3. e5 Bf5 4. Nd2 e6 5. Nb3 Nd7 6. Nf3 Bg6 7. Be2 Nh6 8. 0-0 Be7 9. a4 0-0 10. a5 Nf5 11. c4 Nh4 12. Ne1 f6 13. cxd5 cxd5 14. g3 Nf5 15. Nd3 fxe5 16. dxe5 Bg5 17. Ndc5 Nxc5 18. Nxc5 Qc8 19. Nxe6 Qxe6 20. Bxg5 Qxe5 21. Bf4 Qd4 22. Qb3 Bf7 23. Bf3 Rad8 24. Rfe1 h6 25. Rad1 Qc5 26. Qd3 Bg6 27. Qd2 b6 28. b4 Qb5 29. Re5 Kh8 30. Be2 Qa4 31. axb6 axb6 32. Re6 Bf7 33. Rxb6 d4 34. Bd3 Ne7 35. Bxh6 Nd5 36. Ra6 Qb3 37. Bxg7+ Kg8 38. Bxd4 Rfe8 39. Qg5+ Kf8 40. Bg7+ 1-0